Normal view
MARC view
Entry Personal Name
001 - CONTROL NUMBER
- control field: 15747
003 - CONTROL NUMBER IDENTIFIER
- control field: OSt
005 - DATE AND TIME OF LATEST TRANSACTION
- control field: 20220218165924.0
008 - FIXED-LENGTH DATA ELEMENTS
- fixed length control field: 220218|| aca||aabn | a|a d
040 ## - CATALOGING SOURCE
- Original cataloging agency: OSt
- Transcribing agency: OSt
100 ## - HEADING--PERSONAL NAME
- Personal name: Goldstein, Rabbi Niles Elliot
670 ## - SOURCE DATA FOUND
- Source citation: Work cat.: (OSt): Goldstein, Rabbi Niles Elliot , The Challenge of the Soul:, 2009
